000 00604nam a2200229 i 4500
001 C2-0228248
003 PPAK
005 20180728155407.0
008 000813s1978 nyua|||| ||||| | eng d
040 _aPPAK
_beng
_cPPAK
_erda
082 0 4 _a808.81
_223
090 0 0 _a808.81
_bISM
_dKSA
100 1 _aReed, Ishmael,
_eauthor
245 1 2 _aA secretary to the spirits
264 1 _aNew York :
_bNOK ,
_c1978
300 _a42 pages :
_billustrations ;
_c20 cm
336 _2rdacontent
_atext
337 _2rdamedia
_aunmediated
338 _2rdacarrier
_avolume
650 1 0 _aPoetry
942 _ddc
_cB
999 _c148131
_d148131